=LDR 00000nam 2200000 4500 =001 INLIS000000000037597 =005 20140423122647.0 =006 =007 =008 Ind =035 ##$$a 0010-061300000037597 =041 ##$$a Ind =082 ##$$a 371.260 13 =090 ##$$a 371.260 13, Pra b =100 ##$$a Prasetyono, Dwi Suhar =245 ##$$a Bank soal tes masuk BUMN, Dwi Sunnar Prasetyono =260 ##$$a 2011 $b Yogyakarta =300 ##$$a 479 hlm, ilus, 24 cm =650 ##$$a Test Pedoman pendidikan =850 ##$$a NBPNMAT